| 000 | 01177nam a22002657a 4500 | ||
|---|---|---|---|
| 003 | OSt | ||
| 005 | 20250929161501.0 | ||
| 008 | 240319b ||||| |||| 00| 0 eng d | ||
| 040 | _c0 | ||
| 082 | _aDPer 621.381 In821 August 2022 v. 37 n. 8 | ||
| 100 |
_aLi, Mingxuan. _eauthor. _954941 |
||
| 245 |
_aAnalysis and improvement of large-disturbance stability for grid-connected VSG based on output impedance optimization / _cMingxuan Li, Sirui Shu, Yue Wang, Peng Yu, Yonghui Liu, Zhenyuan Zhang, Weihao Hu, and Frede Blaabjerg. |
||
| 260 |
_aNew York ; _bThe Institute of Electrical and Electronics Engineers, Inc. , _cAugust 2022. |
||
| 300 |
_aVolume 37, pages 9807-9826 : _billustration ; _c28 cm. |
||
| 500 | _aIEEE Transitions on Power Electronics, v. 37 n. 8, pages 9807-9826, August 2022. | ||
| 700 |
_aLi, Mingxuan. _eauthor. _954941 |
||
| 700 |
_aShu, Sirui. _eauthor. _954942 |
||
| 700 |
_aWang, Yue. _eauthor. _954943 |
||
| 700 |
_aYu, Peng. _eauthor. _954944 |
||
| 700 |
_aLiu, Yonghui. _eauthor. _954945 |
||
| 700 |
_aZhang, Zhenyuan. _eauthor. _954946 |
||
| 700 |
_aHu, Weihao. _eauthor. _954947 |
||
| 700 |
_aBlaabjerg, Frede. _eauthor. _954948 |
||
| 942 |
_2ddc _cPER |
||
| 999 |
_c19742 _d19742 |
||